000 00518nam a2200157 4500
008 160405b xxu||||| |||| 00| 0 eng d
020 _a9780521614788
082 _22009
_aDC 410
_bL75
245 _aLinguistics:
_ban introduction/
_cAndrew Radford [and 4 others]
260 _aCambridge:
_bCambridge University Press,
_cc2009
300 _axv, 433 pages:
_billustrations;
_c25 cm.
500 _aIncludes bibliographical references and index.
650 0 _94850
_aLinguistics
365 _b3, 840.00
_cPhp
942 _2ddc
_cDC
999 _c1559
_d1559